[Event "CHN-ch sf"]
[Site "Hefei"]
[Date "2023.04.27"]
[Round "10"]
[White "Yang, Zilong"]
[Black "Zhu, Yilun"]
[Result "1/2-1/2"]
[WhiteElo "1694"]
[BlackElo "2190"]
[PlyCount "137"]
[EventDate "2023.04.23"]
[EventType "swiss"]
[EventRounds "11"]
[EventCountry "CHN"]
[SourceTitle "CBM 214 Extra"]
[Source "ChessBase"]
[SourceDate "2023.07.31"]
[SourceVersion "1"]
[SourceVersionDate "2023.07.31"]
[SourceQuality "1"]

1. e4 c5 2. Nf3 d6 3. d4 Nf6 4. dxc5 Nxe4 5. cxd6 Nc6 6. dxe7 Qxd1+ 7. Kxd1 Bxe7 8. Be3 Bg4 9. Be2 0-0-0+ 10. Nfd2 Bf5 11. Kc1 Bf6 12. c3 Rhe8 13. Nxe4 Bxe4 14. Rg1 Ne5 15. Nd2 Nd3+ 16. Bxd3 Bxd3 17. Nf3 Re6 18. Rd1 Be4 19. Rxd8+ Bxd8 20. Nd4 Re5 21. Bf4 Ra5 22. f3 Bd5 23. a3 Bf6 24. Nc2 g5 25. Be3 g4 26. fxg4 Bxg2 27. Kd2 Rd5+ 28. Ke2 Be5 29. Rg1 Be4 30. Nb4 Rd6 31. h4 a5 32. Na2 Bd3+ 33. Kf2 f5 34. gxf5 Bxf5 35. Nc1 Rf6 36. Bd4 Bg6+ 37. Ke3 Bf4+ 38. Ke2 Re6+ 39. Kf2 Re4 40. Ne2 Bd6 41. Rg5 Rxh4 42. Rxa5 Bd3 43. Ng3 Bg6 44. Ne2 Bh5 45. Ng1 Rh2+ 46. Ke3 Bd1 47. Rd5 Bg3 48. Rf5 Bb3 49. Ne2 Bd6 50. Rf2 Rh4 51. Bf6 Rh1 52. Nd4 Bd5 53. Nf5 Bc5+ 54. Bd4 Rh3+ 55. Kf4 Bf8 56. Ke5 Bf3 57. Kf4 Bc6 58. Kg4 Rd3 59. Rh2 h6 60. Nxh6 Bd6 61. Rf2 Rg3+ 62. Kh4 Rg1 63. Nf5 Bf8 64. Bf6 Kd7 65. Bd4 Rg8 66. Rf4 Rg2 67. Rf2 Rg8 68. Rf4 Rg2 69. Rf2 1/2-1/2

[Event "CHN-ch sf"]
[Site "Hefei"]
[Date "2023.04.27"]
[Round "9"]
[White "Zhu, Yilun"]
[Black "Cong, Dingzhou"]
[Result "1-0"]
[WhiteElo "2190"]
[BlackElo "1640"]
[PlyCount "125"]
[EventDate "2023.04.23"]
[EventType "swiss"]
[EventRounds "11"]
[EventCountry "CHN"]
[SourceTitle "CBM 214 Extra"]
[Source "ChessBase"]
[SourceDate "2023.07.31"]
[SourceVersion "1"]
[SourceVersionDate "2023.07.31"]
[SourceQuality "1"]

1. e4 c5 2. Nf3 Nc6 3. d4 cxd4 4. Nxd4 g6 5. c4 Nf6 6. Nc3 d6 7. Be2 Nxd4 8. Qxd4 Bg7 9. Bg5 0-0 10. Qd2 a5 11. 0-0 a4 12. Rad1 Be6 13. Kh1 Qa5 14. f4 Rfc8 15. b3 axb3 16. axb3 Nd7 17. Nb1 Qxd2 18. Nxd2 f6 19. Bh4 Nc5 20. e5 dxe5 21. fxe5 g5 22. exf6 exf6 23. Bf2 f5 24. Bf3 g4 25. Bd5 Bxd5 26. cxd5 Ra2 27. Bxc5 Rxc5 28. Nc4 b5 29. Ne3 Re2 30. Nxf5 Rcc2 31. d6 Rxg2 32. Ne3 Rxh2+ 33. Kg1 Rcd2 34. d7 Bf6 35. Rxf6 Rxd1+ 36. Nxd1 Rd2 37. Nf2 Rxd7 38. Rf5 g3 39. Ne4 Rd4 40. Nf6+ Kf7 41. Nh5+ Kg6 42. Rxb5 Rg4 43. Kg2 h6 44. Nxg3 h5 45. Kf3 Rd4 46. Nxh5 Kf7 47. Ke3 Rh4 48. Nf4 Ke8 49. Rd5 Rh1 50. b4 Ke7 51. b5 Rb1 52. Kd4 Rb4+ 53. Ke5 Rb1 54. Nd3 Rb3 55. Kd4 Ra3 56. b6 Rb3 57. Kc5 Rc3+ 58. Kb5 Rc8 59. b7 Rb8 60. Kc6 Rh8 61. Kc7 Rh4 62. b8Q Rc4+ 63. Nc5 1-0

[Event "CHN-ch sf"]
[Site "Hefei"]
[Date "2023.04.25"]
[Round "6"]
[White "Li, Youjia"]
[Black "Zhu, Yilun"]
[Result "1/2-1/2"]
[WhiteElo "1618"]
[BlackElo "2190"]
[PlyCount "105"]
[EventDate "2023.04.23"]
[EventType "swiss"]
[EventRounds "11"]
[EventCountry "CHN"]
[SourceTitle "CBM 214 Extra"]
[Source "ChessBase"]
[SourceDate "2023.07.31"]
[SourceVersion "1"]
[SourceVersionDate "2023.07.31"]
[SourceQuality "1"]

1. e4 e5 2. d4 exd4 3. Qxd4 Nc6 4. Qe3 Nf6 5. Bd2 Bb4 6. a3 Bxd2+ 7. Nxd2 0-0 8. 0-0-0 Rb8 9. h3 d6 10. g4 b5 11. g5 Nd7 12. h4 Nc5 13. b3 Qe7 14. h5 Ne6 15. f4 d5 16. Kb2 Nc5 17. g6 Nxe4 18. gxh7+ Kh8 19. Nxe4 Qxe4 20. Qxe4 dxe4 21. Bg2 Re8 22. Re1 Bf5 23. Bh3 Ne7 24. Bxf5 Nxf5 25. Ne2 Kxh7 26. Nc3 Nd6 27. Nd5 c6 28. Ne3 Rbd8 29. Reg1 Re6 30. Rg4 Rf6 31. Rhg1 g6 32. hxg6+ Rxg6 33. Rh4+ Kg7 34. Rgh1 Rg8 35. Rh7+ Kf8 36. Rd1 Ke7 37. Rh2 Rf6 38. Rhd2 Rgg6 39. c4 bxc4 40. bxc4 Rxf4 41. c5 Ne8 42. Rd7+ Kf8 43. Rxa7 Rg3 44. Nc4 e3 45. Nd6 Rf2+ 46. Kc1 Ra2 47. Kb1 e2 48. Re1 Rd2 49. Kc1 Rgd3 50. Rxf7+ Kg8 51. Rg1+ Kh8 52. Rh1+ Kg8 53. Rg1+ 1/2-1/2

[Event "Moscow Aeroflot op-B 18th"]
[Site "Moscow"]
[Date "2019.02.24"]
[Round "6"]
[White "Zhu, Yilun"]
[Black "Yandarbiev, Ruslan"]
[Result "1-0"]
[WhiteElo "2178"]
[BlackElo "2302"]
[PlyCount "117"]
[EventDate "2019.02.20"]
[EventType "swiss"]
[EventRounds "9"]
[EventCountry "RUS"]
[SourceTitle "CBM 189 Extra"]
[Source "ChessBase"]
[SourceDate "2019.06.03"]
[SourceVersion "1"]
[SourceVersionDate "2019.06.03"]
[SourceQuality "1"]

1. e4 c5 2. Nc3 a6 3. Nf3 d6 4. d4 cxd4 5. Qxd4 Nc6 6. Qe3 Nf6 7. Be2 e6 8. 0-0 Be7 9. Rd1 Qc7 10. a4 0-0 11. h3 b6 12. Nd4 Bb7 13. b3 Nxd4 14. Qxd4 Nd7 15. Bb2 Rac8 16. Nd5 Bf6 17. Nxf6+ Nxf6 18. Rac1 Rfd8 19. Bf3 e5 20. Qe3 Bc6 21. Re1 h6 22. Rcd1 Re8 23. Qd3 Qb7 24. Qxd6 Nxe4 25. Qd3 Nc5 26. Bxc6 Qxc6 27. Qg3 f6 28. Bc1 Kh7 29. Re2 Rcd8 30. Rde1 Ne6 31. Be3 Nd4 32. Bxd4 Rxd4 33. c3 Rd6 34. h4 Qc7 35. Qf3 Qf7 36. Rxe5 Rxe5 37. Rxe5 Qg6 38. Re1 h5 39. Qe4 Rd3 40. Qxg6+ Kxg6 41. Re6 Rxc3 42. Rxb6 a5 43. Rb5 f5 44. Kf1 f4 45. Ke2 Rc2+ 46. Kf3 Rb2 47. Rxa5 Rxb3+ 48. Kxf4 Rb4+ 49. Kg3 Rg4+ 50. Kh3 Kh6 51. Ra6+ g6 52. Ra7 Rb4 53. a5 Ra4 54. a6 g5 55. hxg5+ Kxg5 56. g3 Kg6 57. Ra8 Kg7 58. a7 Kh7 59. f4 1-0

[Event "CHN-chB"]
[Site "Jiangmen"]
[Date "2018.07.20"]
[Round "6"]
[White "Zhu, Yilun"]
[Black "Zhang, Yifan"]
[Result "0-1"]
[WhiteElo "2244"]
[BlackElo "2000"]
[PlyCount "78"]
[EventDate "2018.07.18"]
[EventType "swiss"]
[EventRounds "11"]
[EventCountry "CHN"]
[SourceTitle "CBM 185 Extra"]
[Source "ChessBase"]
[SourceDate "2018.07.29"]
[SourceVersion "1"]
[SourceVersionDate "2018.07.29"]
[SourceQuality "1"]

1. e4 c5 2. Nc3 Nc6 3. Nge2 g6 4. g3 Bg7 5. Bg2 d6 6. d3 e6 7. Be3 Nge7 8. Qd2 Qa5 9. d4 0-0 10. h4 cxd4 11. Nxd4 d5 12. Nb3 Qc7 13. exd5 exd5 14. 0-0 Be6 15. Nb5 Qc8 16. Bf4 Ne5 17. Qe2 N7c6 18. N5d4 Bg4 19. Qb5 Rd8 20. f3 a6 21. Nxc6 Nxc6 22. Qb6 Bf5 23. c3 d4 24. Kh2 dxc3 25. bxc3 Bxc3 26. Rac1 Bb2 27. Rcd1 Rxd1 28. Rxd1 Ba3 29. Bh6 Bc2 30. Rd2 Bxb3 31. axb3 Bc1 32. Bh3 Qe8 33. Bd7 Qd8 34. Qxb7 Bxd2 35. Bxd2 Ne5 36. Bg5 Rb8 37. Qd5 Qxd7 38. Qxe5 Re8 39. Qb2 Qd3 0-1

[Event "Dubai op 20th"]
[Site "Dubai"]
[Date "2018.04.08"]
[Round "7"]
[White "Volkov, Sergey"]
[Black "Zhu, Yilun"]
[Result "1-0"]
[WhiteElo "2598"]
[BlackElo "2195"]
[PlyCount "73"]
[EventDate "2018.04.02"]
[EventType "swiss"]
[EventRounds "9"]
[EventCountry "UAE"]
[SourceTitle "CBM 183 Extra"]
[Source "ChessBase"]
[SourceDate "2018.04.19"]
[SourceVersion "1"]
[SourceVersionDate "2018.04.19"]
[SourceQuality "1"]

1. d4 Nf6 2. c4 e6 3. Nf3 d5 4. Nc3 c5 5. e3 Nc6 6. a3 a6 7. cxd5 exd5 8. Be2 Bd6 9. dxc5 Bxc5 10. b4 Ba7 11. b5 axb5 12. Nxb5 Bb8 13. Bb2 0-0 14. 0-0 Be6 15. Qd3 Ne4 16. Rfd1 Qe7 17. Rac1 Rd8 18. Qb1 Na5 19. Bd4 Nc6 20. Ba1 Ra5 21. Qb2 f6 22. Nbd4 Nxd4 23. Nxd4 Bf7 24. g3 Be5 25. Qb6 Raa8 26. a4 Qd7 27. a5 h5 28. a6 bxa6 29. Nc6 Re8 30. Nxe5 fxe5 31. Rc7 Qf5 32. f4 d4 33. Qb7 exf4 34. Bxd4 fxg3 35. Rxf7 gxh2+ 36. Kxh2 Qxf7 37. Bc4 1-0